000 00287nam a2200109Ia 4500
008 200302s9999 xx 000 0 und d
100 _aCouncil of Architecture
245 _aDirectory of Architects Tenth Edition 2013
260 _bCouncil of Architecture
260 _c2013
300 _a1352
999 _c3414
_d3414